Statistics for [路線図付き] 東京臨海高速鉄道 りんかい線 駅名穴埋めクイズ

Click here to take the quiz!

General Stats

  • This quiz has been taken 485 times
  • The average score is 7 of 8

Answers on the Map

Answers color-coded by a green-red scale on the quiz's map according to % correct below.
 

Answer Stats

Answer% Correct
りんかい線R01新木場
97%
りんかい線R08大崎
97%
りんかい線R07大井町
93%
りんかい線R04東京テレポート
92%
りんかい線R05天王洲アイル
91%
りんかい線R03国際展示場
86%
りんかい線R02東雲
83%
りんかい線R06品川シーサイド
82%

Score Distribution

Percentile by Number Answered

Percent of People with Each Score

Your Score History

You have not taken this quiz